Pharmaceutical Analysis : (Record no. 353228)
[ view plain ]
| 000 -LEADER | |
|---|---|
| fixed length control field | 00431nam a2200121Ia 4500 |
| 008 - FIXED-LENGTH DATA ELEMENTS--GENERAL INFORMATION | |
| fixed length control field | 180116s9999 xx 000 0 und d |
| 020 ## - INTERNATIONAL STANDARD BOOK NUMBER | |
| International Standard Book Number | 9780702070297 |
| 100 ## - MAIN ENTRY--PERSONAL NAME | |
| Personal name | Watson, David G. |
| 245 ## - TITLE STATEMENT | |
| Statement of responsibility, etc | David G. Watson, RuAngelie Edrada-Ebel, Bhavik A. Patel |
| Title | Pharmaceutical Analysis : |
| Remainder of title | a texbook for pharmacy students and pharmaceutical chemists / |
| 250 ## - EDITION STATEMENT | |
| Edition statement | 4th ed |
| 260 ## - PUBLICATION, DISTRIBUTION, ETC. (IMPRINT) | |
| Place of publication, distribution, etc | Edinburgh |
| Name of publisher, distributor, etc | Elsevier lmt. |
| Date of publication, distribution, etc | 2017 |
| 300 ## - PHYSICAL DESCRIPTION | |
| Extent | 461 pages |
| Withdrawn status | Lost status | Source of classification or shelving scheme | Damaged status | Home library | Current library | Shelving location | Date acquired | Source of acquisition | Total Checkouts | Full call number | Barcode | Date last seen | Price effective from | Koha item type |
|---|---|---|---|---|---|---|---|---|---|---|---|---|---|---|
| Library of Congress Classification | South SEED-LPDH College Library | South SEED-LPDH College -Study Center | 01/16/2018 | Library Fund | RS 189 .W337 2017 | SSLC1611 | 01/16/2018 | 01/16/2018 | Books |